Ardistan and djinnistan : (Record no. 11520)
[ view plain ]
| 000 -LEADER | |
|---|---|
| fixed length control field | 00969cam a2200325 i 4500 |
| 001 - CONTROL NUMBER | |
| control field | 831186 |
| 003 - CONTROL NUMBER IDENTIFIER | |
| control field | OSt |
| 005 - DATE AND TIME OF LATEST TRANSACTION | |
| control field | 20160215140241.0 |
| 008 - FIXED-LENGTH DATA ELEMENTS--GENERAL INFORMATION | |
| fixed length control field | 770819s1977 nyu 000 1 eng |
| 010 ## - LIBRARY OF CONGRESS CONTROL NUMBER | |
| LC control number | 77012605 |
| 020 ## - INTERNATIONAL STANDARD BOOK NUMBER | |
| International Standard Book Number | 0553118420 |
| 040 ## - CATALOGING SOURCE | |
| Original cataloging agency | DLC |
| Transcribing agency | DLC |
| Modifying agency | DLC |
| 041 1# - LANGUAGE CODE | |
| Language code of text/sound track or separate title | eng |
| Language code of original and/or intermediate translations of text | ger |
| 050 00 - LIBRARY OF CONGRESS CALL NUMBER | |
| Classification number | PZ 3 |
| Item number | .M45408 1967 |
| 082 00 - DEWEY DECIMAL CLASSIFICATION NUMBER | |
| Classification number | FIC |
| Item number | M45a 1980 |
| 100 1# - MAIN ENTRY--PERSONAL NAME | |
| Personal name | May, Karl, |
| Dates associated with a name | 1842-1912. |
| 9 (RLIN) | 20476 |
| 240 10 - UNIFORM TITLE | |
| Uniform title | <a href="Ardistan.">Ardistan.</a> |
| Language of a work | English |
| 245 10 - TITLE STATEMENT | |
| Title | Ardistan and djinnistan : |
| Remainder of title | a novel |
| Statement of responsibility, etc | Karl May ; translated by Michael Shaw. |
| 260 ## - PUBLICATION, DISTRIBUTION, ETC. (IMPRINT) | |
| Place of publication, distribution, etc | New York : |
| Name of publisher, distributor, etc | Bantam Books, |
| Date of publication, distribution, etc | c1967. |
| 300 ## - PHYSICAL DESCRIPTION | |
| Extent | x,671 p. ; |
| Dimensions | 18 cm. |
| 490 0# - SERIES STATEMENT | |
| Series statement | The Collected works of Karl May ; ser. 1, v. 1 & 2 |
| 490 0# - SERIES STATEMENT | |
| Series statement | A Continuum book |
| 562 ## - COPY AND VERSION IDENTIFICATION NOTE | |
| Number of copies | 1 |
| 650 ## - SUBJECT ADDED ENTRY--TOPICAL TERM | |
| Topical term or geographic name as entry element | Fiction |
| 9 (RLIN) | 746 |
| 700 12 - ADDED ENTRY--PERSONAL NAME | |
| Personal name | May, Karl, |
| Dates associated with a name | 1842-1912. |
| Title of a work | Mir von Dschinnistan. |
| Language of a work | English. |
| 9 (RLIN) | 20477 |
| 740 02 - ADDED ENTRY--UNCONTROLLED RELATED/ANALYTICAL TITLE | |
| Uncontrolled related/analytical title | Djinnistan. |
| 906 ## - LOCAL DATA ELEMENT F, LDF (RLIN) | |
| a | 7 |
| b | cbc |
| c | orignew |
| d | 1 |
| e | ocip |
| f | 19 |
| g | y-gencatlg |
| 942 ## - ADDED ENTRY ELEMENTS (KOHA) | |
| Source of classification or shelving scheme | Library of Congress Classification |
| Koha item type | Books |
| Withdrawn status | Lost status | Source of classification or shelving scheme | Damaged status | Home library | Current library | Shelving location | Date acquired | Total Checkouts | Full call number | Barcode | Date last seen | Copy number | Price effective from | Koha item type |
|---|---|---|---|---|---|---|---|---|---|---|---|---|---|---|
| Library of Congress Classification | Luxembourg Library | Luxembourg Library | Fiction Section | 09/17/2013 | PZ 3 .M45408 1967 | 2381 | 10/09/2015 | 1 | 09/17/2013 | Books |